| 000 | 01395nam a22002417a 4500 | ||
|---|---|---|---|
| 010 | _aB-462629-633 | ||
| 020 |
_a9788171678198 _c95.00 |
||
| 035 | _aB-462629-633 | ||
| 037 |
_adpl _bK.K.PUB/VEN |
||
| 082 | _a882 | ||
| 100 |
_aTagore, Rabindranath. _950225 |
||
| 245 |
_aThe king of the Dark Chamber _cby Rabindranath Tagore |
||
| 260 |
_aNew delhi _bRupa _c2002 |
||
| 270 |
_a7/16, Ansari Road, Daryaqganj _bNew delhi |
||
| 300 |
_a104pg. _c16cm. |
||
| 942 |
_2ddc _cEN _h882 _mTAG |
||
| 999 |
_c68360 _d68360 |
||